Effects of potassium and sulphur with vermicompost on growth and yield of boro rice (brri dhan81) / (Record no. 17440)

MARC details
000 -LEADER
fixed length control field 01076nam a22002537a 4500
001 - CONTROL NUMBER
control field BD-DhSAU 7469
003 - CONTROL NUMBER IDENTIFIER
control field BD-DhSAU
005 - DATE AND TIME OF LATEST TRANSACTION
control field 20240319151722.0
008 - FIXED-LENGTH DATA ELEMENTS--GENERAL INFORMATION
fixed length control field 150422b2006 bg ||||| m||m 00| 0 eng d
040 ## - CATALOGING SOURCE
Original cataloging agency BD-DhSAU
082 ## - DEWEY DECIMAL CLASSIFICATION NUMBER
Edition number 22
Classification number 631.4
Item number Sh78
100 ## - MAIN ENTRY--PERSONAL NAME
Personal name SHORMEE, SABIHA AZAD
Relator term Registration No. # 15-06499
245 ## - TITLE STATEMENT
Title Effects of potassium and sulphur with vermicompost on growth and yield of boro rice (brri dhan81) /
Remainder of title MS thesis
260 ## - PUBLICATION, DISTRIBUTION, ETC. (IMPRINT)
Place of publication, distribution, etc. Sher-e- Bangla Agricultural University:
Name of publisher, distributor, etc. Department of Soil Science,
Date of publication, distribution, etc. 2022.
300 ## - PHYSICAL DESCRIPTION
Extent ix, 84p.:
Other physical details 30 cm.
500 ## - GENERAL NOTE
General note MS thesis of Department of Soil Science , Faculty of Agriculture, Sher-e-Bangla Agricultural University, Dhaka, Bangladesh
590 ## - Name of Cataloguer
Name of Cataloger Namul
650 ## - SUBJECT ADDED ENTRY--TOPICAL TERM
Topical term or geographic name as entry element potassium and sulphur with vermicompost
651 ## - SUBJECT ADDED ENTRY--GEOGRAPHIC NAME
Geographic name boro rice (brri dhan81)
700 ## - ADDED ENTRY--PERSONAL NAME
Personal name Professor A. T. M. Shamsuddoha
Relator term Superviser
700 ## - ADDED ENTRY--PERSONAL NAME
Personal name Professor Dr. Md. Asaduzzaman Khan
Relator term Co-Superviser
856 ## - ELECTRONIC LOCATION AND ACCESS
Uniform Resource Identifier <a href="http://archive.saulibrary.edu.bd:8080/xmlui/handle/123456789/5142">http://archive.saulibrary.edu.bd:8080/xmlui/handle/123456789/5142</a>
942 ## - ADDED ENTRY ELEMENTS (KOHA)
Source of classification or shelving scheme Dewey Decimal Classification
Koha item type MS Level Thesis
Holdings
Withdrawn status Lost status Source of classification or shelving scheme Damaged status Not for loan Collection code Home library Branch Name Date acquired Total Checkouts Full call number Barcode Date last seen Price effective from Koha item type
    Dewey Decimal Classification   Not For Loan Reference SAU Library SAU Library 19/03/2024   631.4 Sh78 45151 19/03/2024 19/03/2024 MS Level Thesis